Normal view
MARC view
- Sequences (Mathematics)
Entry Topical Term
001 - CONTROL NUMBER
- control field: 26073
003 - CONTROL NUMBER IDENTIFIER
- control field: IN-BhIIT
005 - DATE AND TIME OF LATEST TRANSACTION
- control field: 20250708113032.0
008 - FIXED-LENGTH DATA ELEMENTS
- fixed length control field: 250708|| aca||aabn | a|a d
040 ## - CATALOGING SOURCE
- Original cataloging agency: IN-BhIIT
- Transcribing agency: IN-BhIIT
150 ## - HEADING--TOPICAL TERM
- Topical term or geographic name entry element: Sequences (Mathematics)
670 ## - SOURCE DATA FOUND
- Source citation: Work cat.: (IN-BhIIT)14968: Murty, M. Ram. Author. 26071, Problems in the Theory of Modular Forms /, 2015.